Biomembranes : molecular structure and function /

Bibliographic Details
Main Author: Gennis, Robert B.
Format: Book
Language:English
Published: New York : Springer-Verlag, [1989]
Series:Springer advanced texts in chemistry.
Subjects:

MARC

Tag First Indicator Second Indicator Subfields
LEADER 00000cam a2200000 a 4500
001 in00004455621
005 20191202121111.0
008 880907s1989 nyua b 00110 eng
010 |a  88026558  
020 |a 0387967605 (alk. paper) 
035 |a (OCoLC)18520202 
035 |9 AAA6839MS 
035 |z (UtOrBLW)2871 
035 |a 4360 
040 |a DLC  |c DLC  |d MBU  |d TMV  |d UtOrBLW 
049 |a TMVM  |c 1 
050 0 0 |a QH601  |b .G435 1989 
059 |l MS/BOOK STKS  |v 8  |z 2  |t BOOK  |k CIRCULATING  |i 323890085867G  |n NL  |a QH 601  |b G334b 1989 
060 4 |a QH 601  |b G334b 1989 
100 1 |a Gennis, Robert B. 
245 1 0 |a Biomembranes :  |b molecular structure and function /  |c Robert B. Gennis. 
264 1 |a New York :  |b Springer-Verlag,  |c [1989] 
264 4 |c ©1989 
300 |a xvii, 533 pages :  |b illustrations ;  |c 25 cm. 
336 |a text  |2 rdacontent  |b txt 
337 |a unmediated  |2 rdamedia 
338 |a volume  |2 rdacarrier  |b nc 
490 1 |a Springer advanced texts in chemistry 
500 |a Includes index. 
504 |a Bibliography: pages [419]-510. 
650 2 |a Membranes. 
830 0 |a Springer advanced texts in chemistry. 
940 |a copy plain 
999 |a MARS 
999 f f |s fb6e4dd0-b3a4-3ce0-b7c7-57b9725cfbb8  |i 7525315c-8815-3610-8678-928d5d458cbb  |t 0 
952 f f |p ric  |a Texas A&M University  |b Rellis Campus  |c Joint Library Facility  |d Remote Storage  |t 0  |e QH 601 G334b 1989  |h National Library of Medicine classification  |i unmediated -- volume  |m 323890085867G 
998 f f |a QH 601 G334b 1989  |t 0  |l Remote Storage